| 000 | 00619cam a2200229ua 4500 | ||
|---|---|---|---|
| 001 | 6925 | ||
| 005 | 20260515114129.0 | ||
| 008 | 140722n ii |||gr||||Z||||||asm | ||
| 020 | _a978-81-910-983-0-3 | ||
| 040 | _cMAIN | ||
| 082 | _a370.54 | ||
| 100 |
_aChaliha, Beda Kr, _eAuthor. |
||
| 245 |
_aSnatak mahalar bharatar sikshar itihash _cby Beda Kr. Chaliha |
||
| 250 | _a2nd rev ed. | ||
| 260 |
_aJorhat: _bBidya bhawan, _c2012. |
||
| 300 | _a310p. | ||
| 653 | _aEducation | ||
| 653 | _aHistory of Indian education | ||
| 700 |
_aSaikia, Tarun, _eAuthor. |
||
| 700 |
_aSaikia, Runu Borah, _eAuthor. |
||
| 942 | _cBK | ||
| 999 |
_c6066 _d6066 |
||